| 000 | 01408nam a22003497a 4500 | ||
|---|---|---|---|
| 003 | CHAP | ||
| 005 | 20250609132652.0 | ||
| 008 | 120130s2011 mx r 00010 spa d | ||
| 010 | _a102791 | ||
| 011 | _a103763 | ||
| 035 | _a114452 | ||
| 040 | _cCHAP | ||
| 090 | _aTesis | ||
| 100 | 1 | 0 |
_aSerrano Lora, Gustavo _9105221 |
| 245 | 1 | 0 |
_aEstatus de la calidad de la leche en la cadena leche - queso crema de Chiapas en la Región Centro - Norte del Estado _h[En línea] _c/por Gustavo Serrano Lora |
| 260 |
_aChapingo, Méx. : _bEl autor, _c2011 |
||
| 500 | _aPara ver el contenido del material haga clic en la liga | ||
| 502 | _aTesis (M.C. en Ciencia y Tecnología Agroalimentaria) -- UACH. Departamento de Ingeniería Agroindustrial | ||
| 590 |
_aALEPH _b10 _c20130110 _lUCH01 _h1544 |
||
| 590 |
_aBATCH-UPD _b10 _c20130110 _lUCH01 _h0946 |
||
| 590 |
_aBATCH-UPD _b10 _c20140324 _lUCH01 _h1530 |
||
| 590 |
_aBATCH-UPD _b10 _c20141002 _lUCH01 _h0853 |
||
| 590 |
_aCONVERSION _b10 _c20130109 _lUCH01 _h1357 |
||
| 650 | 1 | 4 |
_aLeche _xSubproductos. _965410 |
| 650 | 1 | 4 |
_aQueso crema _zChiapas. _993241 |
| 650 | 1 | 4 |
_aQueso _xProcesado. _993233 |
| 856 |
_3Finding aid _uhttp://10.13.5.2/tesis/114452.pdf _zTeclea aqui |
||
| 901 | _aBK | ||
| 942 | _cFOLL | ||
| 949 |
_aTesis _bBC _cTES _d33724002321967 _eTS1 _gDonaciØn _h53326 _i114452 _st |
||
| 949 |
_aTesis _bBC _cTES _d33724002322040 _eTS2 _fc.2 _gDonaciØn _h53327 _i114452 _st |
||
| 999 |
_c102791 _d102791 |
||